000 00633nam a22002057a 4500
005 20140808124143.0
010 _aENG-110262
020 _a9788192474083
_c895.00
035 _aEN-93794
037 _bDBAD/PUB
082 _a320.954123
100 _aAlamgeer, M.
245 _aDynamics of Bihar politics /
_cby M. Alamgeer
246 _aBihar politics
260 _aNew Delhi
_bAxis Books
_c2014(repr.)
270 _a4378/4B, Basement, Ansari Road, Daryaganj
_bNew Delhi
_e110002
300 _a317p.:
_c23cm(Hb)
_bill
500 _aIncludes bibliographical references.
942 _2ddc
_cEN
_mALA
_h320.954123
999 _c85236
_d85236